000
00271nam a22001217a 4500
008
170221b xxu||||| |||| 00| 0 eng d
041
_a
eng
080
_2
6 ED
_a
615
100
_a
5
101
_a
SHF
245
_a
PHARMACOLOGY FOR NURSING CARE
_c
LEHNE.R.A
942
_2
udc
_c
BK
999
_c
6001
_d
6001